| 000 | 00988cam a2200253 4500 | ||
|---|---|---|---|
| 008 | 041125n2004 000 0 eng u | ||
| 020 | _a0126561532 | ||
| 035 | _a(Sirsi) u128142 | ||
| 041 | _aeng. | ||
| 050 |
_a333.7 _c18 |
||
| 100 | _aSorensen, A. | ||
| 245 |
_aRenewable energy _bit's physics, engineering, use, environmental impacts, economy and planning aspects |
||
| 250 | _a3rd ed. | ||
| 260 |
_aLondon _bElsevier _c2004 |
||
| 300 |
_axviii,928p. _c24cm. |
||
| 350 | _a39.99 | ||
| 520 | _aA complete account of renewable energy, from source, through extraction and use. For each type of renewable energy there is a technical description of the devices that can be used to transform the energy into useful forms of power. Social and economic aspects of renewable energy are examined. | ||
| 650 | _aRENEWABLE ENERGY | ||
| 650 | _aSOLAR POWER | ||
| 650 | _aWIND POWER | ||
| 650 | _aCLIMATE CHANGE | ||
| 690 | _aENVIRONMENTAL AND LAND CONSULTANCY-ENERGY | ||
| 942 | _n0 | ||
| 999 |
_c103874 _d103874 |
||